[Event "Dos Hermanas"]
[Site "Dos Hermanas"]
[Date "1992.??.??"]
[Round "1"]
[White "Akopian, Vladimir"]
[Black "Montecatine, Ricardo"]
[Result "1-0"]
[WhiteElo "2605"]
[BlackElo "2345"]

1.e4 e5 2.Bc4 Nf6 3.d3 Nc6 4.Nf3 Bc5 5.O-O d6 6.c3 h6 7.Nbd2 O-O 8.Bb3 Re8
9.Re1 Be6 10.Nf1 d5 11.Qc2 Qd7 12.Be3 Bb6 13.h3 Rad8 14.Ba4 Qd6 15.Rad1 Re7
16.Bxc6 bxc6 17.d4 Nxe4 18.dxe5 Qd7 19.Bxb6 axb6 20.Rxe4 Bf5 21.Ng3 Bxe4
22.Nxe4 f6 23.e6 Qxe6 24.Ng3 c5 25.Qg6 Red7 26.Nf5 Kh8 27.h4 Qe8 28.h5 Qxg6
29.hxg6 d4 30.cxd4 cxd4 31.Rxd4 Rxd4 32.N3xd4 Rd5 33.g4 h5 34.gxh5 c5 35.h6 Rxd4
36.hxg7+ Kg8 37.Nxd4 cxd4  1-0

[Event "Dos Hermanas"]
[Site "Dos Hermanas"]
[Date "1992.??.??"]
[Round "1"]
[White "Oll, Lembit"]
[Black "Rodriguez Talavera, Juan Carlos"]
[Result "1-0"]
[WhiteElo "2600"]
[BlackElo "2375"]

1.e4 e5 2.Nf3 Nc6 3.Bb5 a6 4.Ba4 Nf6 5.O-O Be7 6.Re1 b5 7.Bb3 d6 8.c3 O-O
9.h3 Bb7 10.d4 Re8 11.a4 Bf8 12.d5 Ne7 13.axb5 axb5 14.Rxa8 Bxa8 15.Na3 Qd7
16.Bg5 c6 17.dxc6 Bxc6 18.Nc2 Qb7 19.Bxf6 gxf6 20.Nd2 Ng6 21.Nb4 Nf4 22.h4 Ng6
23.h5 Nf4 24.Nxc6 Qxc6 25.Qg4+  1-0

[Event "Dos Hermanas"]
[Site "Dos Hermanas"]
[Date "1992.??.??"]
[Round "1"]
[White "De la Villa Garcia, Jesus Maria"]
[Black "Campora, Daniel H"]
[Result "0-1"]
[WhiteElo "2450"]
[BlackElo "2550"]

1.e4 c6 2.d4 d5 3.Nc3 dxe4 4.Nxe4 Bf5 5.Ng3 Bg6 6.h4 h6 7.Nf3 Nf6 8.h5 Bh7
9.Bd3 Bxd3 10.Qxd3 e6 11.Bd2 Nbd7 12.O-O-O Be7 13.Ne4 O-O 14.Nxf6+ Nxf6 15.c4 b5
16.c5 Qd5 17.Kb1 a5 18.Rde1 Ng4 19.Qe2 Rfd8 20.Rc1 a4 21.Bb4 Qf5+ 22.Ka1 Rd5
23.a3 Bf6 24.Bc3 Rad8 25.Rce1 R8d7 26.Ka2 Re7 27.g3 e5 28.dxe5 Nxe5 29.Nh4 Qd7
30.Qc2 Nd3 31.Rxe7 Bxe7 32.Kb1 Bxc5 33.f4 Qg4 34.Qg2 Nf2 35.Re1 Rd1+ 36.Rxd1 Qxd1+
37.Ka2 Qb3+ 38.Ka1 Nd1 39.Qxc6 Nxc3 40.Qc8+ Bf8 41.Qxc3 Qxc3 42.bxc3 Bxa3
43.Ka2 Bc5 44.g4 Kf8 45.g5 Be3 46.gxh6 gxh6 47.Nf5 Bxf4 48.Nd4 Be5 49.Nxb5 f5
50.Kb2 Ke7 51.Kc2 Bd6 52.c4 Bb4 53.Nd4 Kf6 54.Nc6 Bc5 55.Na5 Ke5 56.Kc3 f4  0-1

[Event "Dos Hermanas"]
[Site "Dos Hermanas"]
[Date "1992.??.??"]
[Round "1"]
[White "Cramling, Pia"]
[Black "Bellon Lopez, Juan Manuel"]
[Result "1/2-1/2"]
[WhiteElo "2530"]
[BlackElo "2435"]

1.Nf3 d5 2.c4 c6 3.d4 Nf6 4.cxd5 cxd5 5.Nc3 Nc6 6.Bf4 Bf5 7.e3 e6 8.Ne5 Nd7
9.Nxc6 bxc6 10.Bd3 Bxd3 11.Qxd3 Qb6 12.Rb1 Be7 13.O-O a5 14.Rfc1 O-O 15.Na4 Qa6
16.Qxa6 Rxa6 17.Rc3 Rc8 18.Rbc1 f6 19.Rb3 Kf8 20.Rb7 Ke8  1/2-1/2

[Event "Dos Hermanas"]
[Site "Dos Hermanas"]
[Date "1992.??.??"]
[Round "2"]
[White "Montecatine, Ricardo"]
[Black "Oll, Lembit"]
[Result "1/2-1/2"]
[WhiteElo "2345"]
[BlackElo "2600"]

1.c4 e6 2.Nc3 Bb4 3.d4 d5 4.cxd5 exd5 5.Qa4+ Nc6 6.e3 Ne7 7.a3 Bxc3+ 8.bxc3 O-O
9.Bd3 Bf5 10.Bxf5 Nxf5 11.Nf3 Qd7 12.O-O Rad8 13.Qc2 Nd6 14.Nd2 Na5 15.f3 f5
16.Bb2 Rde8 17.Rae1 Qc6 18.Re2 Nac4 19.Nxc4 Nxc4 20.Rfe1 a6 21.Bc1 b5 22.h3 Rf7
23.e4 fxe4 24.fxe4 Qg6 25.a4 Nd6 26.axb5 axb5 27.e5 Ne4 28.Ba3 Rf3 29.Qb3 Rf7
30.Qxb5 c6 31.Qb3 Qg3 32.Re3 Qf2+ 33.Kh2 Nd2 34.Qd1 Nf1+ 35.Rxf1 Qxf1 36.Qxf1 Rxf1
37.e6 Rf6 38.e7 Kf7 39.Kg3 Ra8 40.Bb4 Ke8 41.Re2 Ra1 42.Bc5 Rc1 43.Bb4 Rf7
44.Re6 Rf6 45.Re2 Ra1 46.Bc5 Ra8 47.Bb4 Kf7 48.Re3 g5 49.Re5 h6 50.Re2 h5
51.Kh2 h4 52.Re1 Rf2 53.Kg1 Rf5 54.Bc5 Rg8 55.Re2 Ra8 56.Re1 Rb8 57.Bd6 Rg8
58.Re2 Ke8 59.Bb4 Kf7 60.Bc5 Re8 61.Re3 Rf4 62.Bd6 Re4 63.Rf3+ Ke6 64.Bb4 Rf4
65.Re3+ Kd7 66.Re1 Ra8 67.Re5 Rg8 68.Re2 Ra8 69.Re5 Rf6 70.Re1 Re6 71.Rxe6 Kxe6
72.Kf2 Ra2+ 73.Kf3 Kf7 74.g3 hxg3 75.Kxg3 Re2 76.h4 gxh4+ 77.Kxh4 Rg2 78.Kh3 Rg1
79.Kh2 Rg7 80.Kh3 Ke8 81.Kh4 Kd7 82.Kh3 Rg8 83.Kh4 Ke6 84.Kh3 Kf6 85.Kh4 Kf5
86.Bc5 Ke6 87.Bb4 Kf7 88.Kh3 Rg6 89.Kh4 Ke8 90.Kh3 Kd7 91.Kh4 Rg1 92.Kh3 Rc1
93.Kg4 c5 94.Bxc5 Rxc3 95.Kf4 Rxc5  1/2-1/2

[Event "Dos Hermanas"]
[Site "Dos Hermanas"]
[Date "1992.??.??"]
[Round "2"]
[White "Cramling, Pia"]
[Black "Yudasin, Leonid"]
[Result "1/2-1/2"]
[WhiteElo "2530"]
[BlackElo "2580"]

1.d4 Nf6 2.c4 e6 3.Nf3 c5 4.d5 exd5 5.cxd5 d6 6.Nc3 g6 7.h3 a6 8.a4 Bg7 9.e4 O-O
10.Bd3 Re8 11.O-O Nh5 12.Re1 Nd7 13.Be3 Ne5 14.Be2 Nxf3+ 15.Bxf3 Nf6 16.Bf4 Nd7
17.Bxd6 Qb6 18.e5 Nxe5 19.Bxe5 Rxe5 20.Rxe5 Bxe5 21.Qe2 f6 22.a5 Qc7 23.Qc4 Kg7
24.Ne4 Bf5 25.d6 Bxd6 26.Nxd6 Qxd6 27.Bxb7 Ra7 28.Bf3 Bd3 29.Rd1 Rd7 30.Qc3 c4
31.Re1 Rc7 32.Bg4 Re7 33.Rxe7+ Qxe7 34.Bf3 Qd6 35.Qe1 Bf5 36.Qe3 Qb4 37.Qc3 Qb5
38.Qa3 Qe5 39.Qc3 Qb5 40.Qa3 Qe5 41.Qb4 Be4 42.Bxe4 Qxe4  1/2-1/2

[Event "Dos Hermanas"]
[Site "Dos Hermanas"]
[Date "1992.??.??"]
[Round "2"]
[White "Bellon Lopez, Juan Manuel"]
[Black "Rodriguez Talavera, Juan Carlos"]
[Result "1-0"]
[WhiteElo "2435"]
[BlackElo "2375"]

1.d4 e6 2.c4 d5 3.Nf3 c6 4.Nc3 dxc4 5.a4 Bb4 6.Bg5 Nf6 7.e4 Bxc3+ 8.bxc3 Qa5
9.e5 Ne4 10.Bd2 Nxd2 11.Qxd2 b5 12.Qb2 Qb6 13.axb5 Qxb5 14.Qa3 Qb3 15.Nd2 Qxa3
16.Rxa3 Ba6 17.Bxc4 Bxc4 18.Nxc4 a6 19.Ke2 O-O 20.Rb1 Ra7 21.Rab3 Nd7 22.Rb7 Rxb7
23.Rxb7 Nb8 24.Rc7 f6 25.Re7 fxe5 26.Nxe5 Rc8 27.Kd3 c5 28.dxc5 Kf8 29.Rf7+ Ke8
30.Rxg7 Rxc5 31.f4 Rd5+ 32.Kc2 Nd7 33.c4 Rd4 34.Kc3 Rd1 35.Nxd7 Rxd7 36.Rxd7 Kxd7
37.g4 Kd6 38.g5 e5 39.fxe5+ Kxe5 40.h4 Kf5 41.c5  1-0

[Event "Dos Hermanas"]
[Site "Dos Hermanas"]
[Date "1992.??.??"]
[Round "2"]
[White "Campora, Daniel H"]
[Black "Akopian, Vladimir"]
[Result "1/2-1/2"]
[WhiteElo "2550"]
[BlackElo "2605"]

1.e4 c5 2.Nf3 Nc6 3.d4 cxd4 4.Nxd4 Qb6 5.Nb3 Nf6 6.Nc3 e6 7.g3 Bb4 8.Bg2 d5
9.O-O Bxc3 10.bxc3 Nxe4 11.c4 O-O 12.Be3 Qd8 13.Re1 Nf6 14.cxd5 Nxd5 15.Bc5 Re8
16.c4 Nb6 17.Qc2 e5 18.Rad1 Qf6 19.Rd6 Be6 20.Nd2 Rad8 21.Ne4 Qg6 22.Rxd8 Rxd8
23.Bxb6 axb6 24.Qb3 f5 25.Nc3 e4 26.Nd5 Bxd5 27.cxd5 Na5 28.Qb5 Qd6 29.Rc1 h5
30.f3 Qxd5 31.Qxd5+ Rxd5 32.fxe4 fxe4 33.Bxe4 Re5 34.Bg6 Nc6 35.Rd1 Rg5 36.Bc2 h4
37.Kg2 hxg3  1/2-1/2

[Event "Dos Hermanas"]
[Site "Dos Hermanas"]
[Date "1992.??.??"]
[Round "2"]
[White "Hodgson, Julian M"]
[Black "De la Villa Garcia, Jesus Maria"]
[Result "0-1"]
[WhiteElo "2545"]
[BlackElo "2450"]

1.g3 d5 2.Nf3 c6 3.Bg2 Bg4 4.d3 Nd7 5.O-O Ngf6 6.Nbd2 e5 7.h3 Bh5 8.e4 Bd6
9.exd5 cxd5 10.c4 O-O 11.cxd5 Nxd5 12.Nc4 Bc7 13.Qb3 N5b6 14.Bg5 Qe8 15.Rac1 Nxc4
16.Qxc4 Rc8 17.Nh4 Bb6 18.Qd5 Rxc1 19.Rxc1 Kh8 20.Nf5 Qe6 21.Nd6 Qxd5 22.Bxd5 Nc5
23.Be7 Rb8 24.Rc3 Na4 25.Rc2 f6 26.b4 Bd4 27.Nb5 h6 28.Nxd4 exd4 29.Rc7 Nb2
30.Rxb7 Rxb7 31.Bxb7 Nxd3 32.g4 Bf7 33.a3 Bc4 34.f3 Ne1 35.a4 d3  0-1

[Event "Dos Hermanas"]
[Site "Dos Hermanas"]
[Date "1992.??.??"]
[Round "3"]
[White "Rodriguez Talavera, Juan Carlos"]
[Black "Montecatine, Ricardo"]
[Result "1-0"]
[WhiteElo "2375"]
[BlackElo "2345"]

1.e4 e5 2.Nf3 Nc6 3.Bc4 Bc5 4.c3 Nf6 5.b4 Bb6 6.d3 d6 7.a4 a5 8.b5 Ne7 9.Nbd2 Ng6
10.O-O O-O 11.Ba3 Re8 12.Re1 Be6 13.Bxe6 Rxe6 14.Nc4 Nd7 15.d4 Nh4 16.Nxb6 Nxb6
17.dxe5 Nxf3+ 18.Qxf3 Rxe5 19.Qd1 Qe7 20.f3 Re8 21.Ra2 Qe6 22.Ra1 f5 23.Bc1 Qc4
24.Be3 fxe4 25.Bxb6 cxb6 26.Qxd6 Qxc3 27.Rac1 Qb2 28.fxe4 R5e6 29.Qd5 Qe5
30.Qxb7 Qd4+ 31.Kh1 Rxe4 32.Rxe4 Qxe4 33.Qxb6 Qxa4 34.h3 h6 35.Qc5 Qe4 36.b6 a4
37.Qc7 Re7 38.Qg3 Rb7 39.Rc7 g5 40.Rxb7 Qxb7 41.Qc7  1-0

[Event "Dos Hermanas"]
[Site "Dos Hermanas"]
[Date "1992.??.??"]
[Round "3"]
[White "Akopian, Vladimir"]
[Black "Hodgson, Julian M"]
[Result "1-0"]
[WhiteElo "2605"]
[BlackElo "2545"]

1.e4 e5 2.Nf3 Nc6 3.Bb5 a6 4.Ba4 Nf6 5.O-O Be7 6.Re1 b5 7.Bb3 d6 8.c3 O-O
9.h3 Nd7 10.d4 Nb6 11.Nbd2 exd4 12.Nxd4 Nxd4 13.cxd4 c5 14.Nf3 c4 15.Bc2 d5
16.e5 b4 17.Nh2 a5 18.Qh5 g6 19.Qh6 Re8 20.h4 Bf8 21.Qf4 a4 22.h5 b3 23.Bd1 Bb4
24.Re3 Bf5 25.Rg3 Kh8 26.a3 Bf8 27.Bd2 Ra7 28.Ng4 Bxg4 29.Bxg4 f5 30.Be2 Re6
31.hxg6 hxg6 32.Rh3+ Kg8 33.g4 Rf7 34.Kg2 Bg7 35.Rah1 fxg4 36.Qxg4 Rf5 37.Rf3 Qf8
38.Bb4 Qe8 39.Rxf5 gxf5 40.Qxf5 Qg6+ 41.Bg4 Qxf5 42.Bxf5 Rh6 43.Rxh6 Bxh6
44.e6  1-0

[Event "Dos Hermanas"]
[Site "Dos Hermanas"]
[Date "1992.??.??"]
[Round "3"]
[White "De la Villa Garcia, Jesus Maria"]
[Black "Cramling, Pia"]
[Result "1/2-1/2"]
[WhiteElo "2450"]
[BlackElo "2530"]

1.e4 c5 2.Nf3 e6 3.d4 cxd4 4.Nxd4 a6 5.Nc3 Qc7 6.Be2 b5 7.O-O Bb7 8.Bf3 Nc6
9.Nxc6 dxc6 10.a4 Bd6 11.g3 Nf6 12.axb5 cxb5 13.e5 Bxe5 14.Nxb5 axb5 15.Rxa8+ Bxa8
16.Bxa8 O-O 17.Bf3 b4 18.Qe1 Rb8 19.Qe3 Nd7 20.Qe4 Nf6 21.Qd3 Rc8 22.Qb5 Qc5
23.Qxc5 Rxc5 24.Rd1 h6 25.Rd8+ Kh7 26.Be2 g6 27.Bd1 Ra5 28.Bf3 Ra1 29.Rd1 Ra2
30.c3 bxc3 31.bxc3 Bxc3 32.Be3 e5 33.Rc1 Bd4 34.Bxd4 exd4 35.Rc4 Rd2 36.Kf1 Nd7
37.Rc7 Ne5 38.Bd5 g5 39.Bxf7 Nxf7 40.Rxf7+ Kg6 41.Rd7 d3 42.Ke1  1/2-1/2

[Event "Dos Hermanas"]
[Site "Dos Hermanas"]
[Date "1992.??.??"]
[Round "3"]
[White "Oll, Lembit"]
[Black "Campora, Daniel H"]
[Result "0-1"]
[WhiteElo "2600"]
[BlackElo "2550"]

1.d4 d5 2.c4 c6 3.Nf3 Nf6 4.Nc3 dxc4 5.a4 Bf5 6.e3 e6 7.Bxc4 Bb4 8.O-O O-O
9.Qe2 Ne4 10.Na2 Bd6 11.Bd3 Bg6 12.Qc2 Ng5 13.Nd2 Bxd3 14.Qxd3 h6 15.f4 Nh7
16.Nc4 Be7 17.f5 c5 18.fxe6 fxe6 19.Rxf8+ Nxf8 20.Qb3 Nc6 21.dxc5 Bxc5 22.Bd2 Qd5
23.Nc3 Qd3 24.Qb5 Nd7 25.Qxb7 Rd8 26.Qxc6 Qxc4 27.Qe4 Nb6 28.a5 Rxd2 29.axb6 Qxe4
30.Nxe4 Bxe3+ 31.Kf1 Rd7 32.bxa7 Bxa7 33.Ke2 Rb7 34.Ra2 Bd4 35.Kd3 Rb4 36.h3 Bxb2
37.Nc5 e5 38.Ra8+ Kh7 39.Re8 Kg6 40.Re6+ Kf5 41.Re7 Rd4+ 42.Ke2 Rc4 43.Nd3 Rc2+
44.Kf3 Bd4 45.Re8 Rd2 46.g4+ Kf6 47.Ke4 Rh2 48.Rf8+ Kg5  0-1

[Event "Dos Hermanas"]
[Site "Dos Hermanas"]
[Date "1992.??.??"]
[Round "4"]
[White "Hodgson, Julian M"]
[Black "Oll, Lembit"]
[Result "1/2-1/2"]
[WhiteElo "2545"]
[BlackElo "2600"]

1.e4 Nf6 2.e5 Nd5 3.c4 Nb6 4.c5 Nd5 5.Nc3 e6 6.Nxd5 exd5 7.d4 d6 8.cxd6 cxd6
9.Nf3 Nc6 10.Bd3 dxe5 11.Nxe5 Bb4+ 12.Bd2 Qa5 13.Nxc6 bxc6 14.a3 Bxd2+ 15.Qxd2 Qxd2+
16.Kxd2 a5 17.Rhc1 Kd7 18.Rc5 Kd6 19.a4 Bd7 20.Kc3 Rhb8 21.Ra3 g6 22.Rb3 Rxb3+
23.Kxb3 Bf5 24.Bxf5 gxf5 25.Kc2 f4 26.b3 h5 27.Kd3 Rb8 28.Rc3 Rg8 29.g3 h4
30.gxh4 Rg2 31.Ke2 Rxh2 32.Rc5 f3+ 33.Kxf3 Rxh4 34.Ke3 Rh3+ 35.f3 Rh2 36.Kd3 Rf2
37.Rxa5 Rxf3+ 38.Kc2 Rf2+  1/2-1/2

[Event "Dos Hermanas"]
[Site "Dos Hermanas"]
[Date "1992.??.??"]
[Round "4"]
[White "Bellon Lopez, Juan Manuel"]
[Black "Montecatine, Ricardo"]
[Result "1-0"]
[WhiteElo "2435"]
[BlackElo "2345"]

1.Nf3 Nf6 2.d4 e6 3.e3 c5 4.Bd3 b6 5.O-O Be7 6.b3 Bb7 7.Bb2 O-O 8.c4 d6 9.Nbd2 Nbd7
10.Qe2 Qc7 11.Rad1 Rac8 12.Ng5 Rfe8 13.f4 d5 14.Bb1 cxd4 15.exd4 dxc4 16.Nxc4 Ba6
17.Rc1 h6 18.Bd3 Bxc4 19.bxc4 Bd6 20.g3 hxg5 21.fxg5 Bxg3 22.gxf6 Nxf6 23.Rxf6 Bxh2+
24.Qxh2 Qxh2+ 25.Kxh2 gxf6 26.Rg1+ Kh8 27.Rg4 Rg8 28.Rh4+ Kg7 29.Rh7+ Kf8
30.Ba3+ Ke8 31.c5 bxc5 32.dxc5 a6 33.Bxa6 Ra8 34.Bb5+ Ke7 35.Rh3 Rgb8 36.Bc4 f5
37.c6+ Kf6 38.c7 Rb6 39.Bb3 Rc6 40.Bb2+ Ke7 41.Be5 Rc5 42.Bf4 Rc8 43.Rd3 e5
44.Rd8  1-0

[Event "Dos Hermanas"]
[Site "Dos Hermanas"]
[Date "1992.??.??"]
[Round "4"]
[White "Campora, Daniel H"]
[Black "Rodriguez Talavera, Juan Carlos"]
[Result "0-1"]
[WhiteElo "2550"]
[BlackElo "2375"]

1.e4 e5 2.Nf3 Nc6 3.d4 exd4 4.Nxd4 Bc5 5.Be3 Qf6 6.c3 Nge7 7.Nc2 Bb6 8.g3 d5
9.Bxb6 axb6 10.exd5 Ne5 11.f4 Qg6 12.fxe5 Qe4+ 13.Kd2 Bg4 14.Qe1 Qxd5+ 15.Bd3 O-O-O
16.Qf1 Bf5 17.Nb4 Bxd3 18.Nxd3 Qe4 19.Na3 Rxd3+ 20.Qxd3 Qg2+ 21.Ke3 Rd8 22.Qxd8+ Kxd8
23.Rhd1+ Nd5+ 24.Kd4 Ke7 25.Rd3 c5+ 26.Kc4 Qe4+  0-1

[Event "Dos Hermanas"]
[Site "Dos Hermanas"]
[Date "1992.??.??"]
[Round "5"]
[White "Oll, Lembit"]
[Black "Cramling, Pia"]
[Result "0-1"]
[WhiteElo "2600"]
[BlackElo "2530"]

1.c4 c5 2.Nf3 Nc6 3.Nc3 e5 4.g3 g6 5.Bg2 Bg7 6.O-O d6 7.Rb1 Nge7 8.a3 a5
9.d3 O-O 10.Ne1 Be6 11.Bg5 f6 12.Be3 Qd7 13.Nc2 Bh3 14.Bxh3 Qxh3 15.Ne4 Qd7
16.f4 f5 17.Ng5 h6 18.Nh3 b6 19.b4 axb4 20.axb4 Kh7 21.Nf2 Ng8 22.bxc5 bxc5
23.fxe5 Nxe5 24.Bf4 Nc6 25.e4 g5 26.Bc1 Nge7 27.Ne3 f4 28.gxf4 gxf4 29.Nd5 f3
30.Kh1 Nxd5 31.cxd5 Nd4 32.Be3 Ne2 33.Qb3 Rf7 34.e5 Bxe5 35.Qc4 Ra4 36.Rb7 Qxb7
37.Qxa4 Qxd5 38.Qh4 Bf4 39.Bxf4 Rxf4 40.Qe7+ Qf7 41.Qxf7+ Rxf7 42.Ne4 d5
43.Nxc5 Rg7  0-1

[Event "Dos Hermanas"]
[Site "Dos Hermanas"]
[Date "1992.??.??"]
[Round "5"]
[White "Rodriguez Talavera, Juan Carlos"]
[Black "Hodgson, Julian M"]
[Result "0-1"]
[WhiteElo "2375"]
[BlackElo "2545"]

1.e4 d6 2.d4 g6 3.Nc3 c6 4.f4 d5 5.e5 h5 6.Bd3 Nh6 7.Nf3 Bf5 8.Ne2 e6 9.O-O Bxd3
10.Qxd3 Nf5 11.Be3 Nxe3 12.Qxe3 Qb6 13.Qb3 Nd7 14.c3 c5 15.Qxb6 Nxb6 16.dxc5 Bxc5+
17.Ned4 Na4 18.Rf2 Ke7 19.h3 h4 20.Kh2 Rac8 21.Rd2 a6 22.Rb1 Ba7 23.Re1 Rc7
24.Kh1 b5 25.a3 Nc5 26.Ng5 Rb8 27.Ndf3 Nb3 28.Rde2 Rh8 29.Rd1 Rc4 30.Ne1 Rxf4
31.Nd3 Rf5 32.Nf3 a5 33.Nc1 Nxc1 34.Rxc1 Kd7 35.Rec2 Rc8 36.Nxh4 Rxe5 37.Rf1 Ke7
38.Nf3 Rf5 39.Re2 g5 40.g4 Rf4 41.Kg2 f6 42.Rfe1 Rc6 43.Nd2 Bb6 44.Nf1 b4
45.axb4 axb4 46.cxb4 Rxb4 47.Ng3 Kf7 48.Ra1 Bd4 49.Ra2 Rcb6 50.Ra7+ Rb7 51.Ra6 Be5  0-1

[Event "Dos Hermanas"]
[Site "Dos Hermanas"]
[Date "1992.??.??"]
[Round "5"]
[White "Montecatine, Ricardo"]
[Black "Campora, Daniel H"]
[Result "0-1"]
[WhiteElo "2345"]
[BlackElo "2550"]

1.d4 d5 2.c4 e6 3.Nc3 Nf6 4.cxd5 exd5 5.Bg5 Be7 6.e3 c6 7.Bd3 Nbd7 8.Qc2 Nh5
9.Bxe7 Qxe7 10.Nge2 g6 11.O-O O-O 12.Rae1 Ndf6 13.Nf4 Nxf4 14.exf4 Qd6 15.f5 Ng4
16.g3 Qf6 17.fxg6 fxg6 18.Rd1 Bd7 19.Rd2 Rae8 20.Nd1 Re7 21.Ne3 Qxd4 22.Nxg4 Qxg4
23.Qc5 Qf3 24.Rfd1 Rfe8 25.Qc1 Bh3 26.Bf1 Re2 27.Rxe2 Rxe2 28.Qc5 b6  0-1

[Event "Dos Hermanas"]
[Site "Dos Hermanas"]
[Date "1992.??.??"]
[Round "5"]
[White "De la Villa Garcia, Jesus Maria"]
[Black "Bellon Lopez, Juan Manuel"]
[Result "1-0"]
[WhiteElo "2450"]
[BlackElo "2435"]

1.e4 c5 2.Nf3 e6 3.d4 cxd4 4.Nxd4 Nf6 5.Nc3 Qb6 6.Nb3 Nc6 7.Be3 Qc7 8.f4 d6
9.Be2 Be7 10.Qd2 a6 11.a4 b6 12.O-O Bb7 13.Rad1 O-O 14.Bf3 Rab8 15.g4 Na5
16.Qg2 Nc4 17.Bc1 Nd7 18.g5 Rfe8 19.Kh1 Nf8 20.Qg3 f6 21.h4 g6 22.Bg2 fxg5
23.hxg5 d5 24.exd5 Nd6 25.Nd4 Nf5 26.Nxf5 exf5 27.d6 Bxd6 28.Nd5 Bxd5 29.Bxd5+ Kh8
30.b3 h5 31.gxh6 Kh7 32.c4 Re2 33.Qd3 Qe7 34.Bg2 Bc5 35.Qg3 Nd7 36.Bf3 Re6
37.Rd3 Nf6 38.Rfd1 Re8 39.Bb2 Qf8 40.Be5 Ne4 41.Rd7+ R6e7 42.Bxe4 fxe4 43.Kg2 Rxd7
44.Rxd7+ Re7 45.Qh3 g5 46.Rxe7+ Bxe7 47.Qe6 gxf4 48.Bg7 Qe8 49.Qxe4+ Qg6+
50.Kf3 Bd6 51.Qxg6+ Kxg6 52.Ke4 Kh7 53.b4 Bxb4 54.Kxf4 Bc5 55.Ke4 b5 56.cxb5 axb5
57.axb5 Bb6 58.Kd5 Ba5 59.Kc5  1-0

[Event "Dos Hermanas"]
[Site "Dos Hermanas"]
[Date "1992.??.??"]
[Round "5"]
[White "Akopian, Vladimir"]
[Black "Yudasin, Leonid"]
[Result "1/2-1/2"]
[WhiteElo "2605"]
[BlackElo "2580"]

1.d4 Nf6 2.c4 e6 3.Nc3 Bb4 4.Qb3 c5 5.dxc5 Nc6 6.Bg5 h6 7.Bxf6 Qxf6 8.Nf3 Bxc3+
9.Qxc3 Qxc3+ 10.bxc3 b6 11.cxb6 axb6 12.e3 Ra4 13.Bd3 Ba6 14.Kd2 Ke7 15.Rab1  1/2-1/2

[Event "Dos Hermanas"]
[Site "Dos Hermanas"]
[Date "1992.??.??"]
[Round "6"]
[White "Hodgson, Julian M"]
[Black "Montecatine, Ricardo"]
[Result "0-1"]
[WhiteElo "2545"]
[BlackElo "2345"]

1.d4 d5 2.Bg5 h6 3.Bh4 c6 4.e3 Bf5 5.c4 Qb6 6.Qc1 e6 7.c5 Qa5+ 8.Nc3 b6 9.cxb6 axb6
10.Nf3 Nd7 11.Be2 Be7 12.O-O Ngf6 13.a3 O-O 14.Ne5 Nb8 15.g4 Bh7 16.f4 Qa7
17.f5 exf5 18.gxf5 Ne4 19.Qe1 Nxc3 20.bxc3 Bxh4 21.Qxh4 f6 22.Ng4 b5 23.Rf3 Qe7
24.Kf2 Nd7 25.Rg1 Kh8 26.Rfg3 Rg8 27.Qh3 Rxa3 28.Qg2 Raa8 29.Rf3 Nb6 30.Rf4 Rge8
31.e4 dxe4 32.Ne3 Nd5 33.Rxe4 Nxe3 34.Rxe7 Nxg2 35.Rxe8+ Rxe8 36.Rxg2 Bxf5
37.Bf3 Be4 38.Rg1 Kg8 39.Ra1 Bxf3 40.Kxf3 Kf7 41.Ra6 Re6 42.Kf4 Rd6 43.Ra7+ Kg6
44.Rb7 f5 45.h4 Kf6 46.h5 g5+ 47.hxg6 Kxg6 48.Rb6 Rf6 49.d5 cxd5 50.Rxb5 Rc6
51.Rxd5 Rc4+ 52.Kg3 Rxc3+ 53.Kf4 Rc4+ 54.Kg3 Kg5 55.Rd8 Rc3+ 56.Kg2 Kf4 57.Rd4+ Ke3
58.Rd6 Rc2+ 59.Kg1 h5 60.Rh6 Rc1+ 61.Kg2 Rc2+ 62.Kg1 f4 63.Rxh5 Rc1+ 64.Kh2 f3
65.Rh3 Ke2  0-1

[Event "Dos Hermanas"]
[Site "Dos Hermanas"]
[Date "1992.??.??"]
[Round "6"]
[White "Yudasin, Leonid"]
[Black "Oll, Lembit"]
[Result "1-0"]
[WhiteElo "2580"]
[BlackElo "2600"]

1.e4 d5 2.exd5 Qxd5 3.Nc3 Qa5 4.d4 Nf6 5.Bc4 Bg4 6.f3 Bf5 7.Ne2 c6 8.g4 Bg6
9.Nf4 Nbd7 10.h4 e5 11.h5 Bf5 12.gxf5 exf4 13.Qd3 Qc7 14.Qe2+ Be7 15.Bd2 Nb6
16.Bb3 Rd8 17.O-O-O Rxd4 18.Qg2 Nc4 19.Bxc4 Rxc4 20.Qxg7 Rg8 21.Qh6 Qe5 22.Rhe1 Qxf5
23.Re2 Nd5 24.Qd6 f6 25.Qb8+ Kf7 26.Qxb7 Rd8 27.Re4 Rd7 28.Qa8 Rc5 29.Na4 Nc7
30.Qb7 Nb5 31.Qa6 Rcd5 32.c4 Nc7 33.Qxc6 Rd3 34.Rde1 Bf8 35.Bxf4 Qa5 36.Bxc7 Bh6+
37.f4 Qxc7 38.Qe6+ Kg7 39.Rg1+  1-0

[Event "Dos Hermanas"]
[Site "Dos Hermanas"]
[Date "1992.??.??"]
[Round "6"]
[White "Cramling, Pia"]
[Black "Rodriguez Talavera, Juan Carlos"]
[Result "1-0"]
[WhiteElo "2530"]
[BlackElo "2375"]

1.d4 Nf6 2.c4 e6 3.Nf3 d5 4.Nc3 dxc4 5.e4 Bb4 6.Bg5 c5 7.Bxc4 cxd4 8.Nxd4 Bxc3+
9.bxc3 Qa5 10.Bb5+ Nbd7 11.Bxf6 Qxc3+ 12.Kf1 gxf6 13.h4 a6 14.Rh3 Qa5 15.Be2 Ke7
16.Rc1 Rd8 17.Qc2 Ne5 18.Qb2 Rd6 19.Rb3 b5 20.f4 Nc4 21.Bxc4 bxc4 22.Rxc4 Bd7
23.a4 Rd8 24.e5 fxe5 25.fxe5 Rd5 26.Qa3+ Ke8 27.Rg3 Bc8 28.Rg8+ Kd7 29.Rf8 Rxf8
30.Qxf8 Rxe5 31.Qxc8+ Kd6 32.Qb8+  1-0

[Event "Dos Hermanas"]
[Site "Dos Hermanas"]
[Date "1992.??.??"]
[Round "6"]
[White "Bellon Lopez, Juan Manuel"]
[Black "Campora, Daniel H"]
[Result "0-1"]
[WhiteElo "2435"]
[BlackElo "2550"]

1.d4 Nf6 2.c4 e6 3.Nf3 b6 4.e3 Bb7 5.Bd3 Be7 6.O-O O-O 7.b3 c5 8.Bb2 cxd4
9.exd4 d5 10.Ne5 Nc6 11.Nxc6 Bxc6 12.Nd2 Rc8 13.Nf3 dxc4 14.bxc4 Be4 15.Re1 Bxd3
16.Qxd3 Qc7 17.Rac1 Qb7 18.d5 exd5 19.Nh4 dxc4 20.Qe2 c3 21.Rxc3 Rxc3 22.Bxc3 Qc8
23.Qf3 Re8 24.Nf5 Bf8 25.Nh6+ gxh6 26.Qxf6 Rxe1+ 27.Bxe1 Qe6 28.Qa1 b5 29.Bc3 b4
30.Be5 a5 31.h3 h5 32.Bd4 a4 33.Qc1 h6 34.Qd2 a3 35.f3 Qd5 36.Qe3 h4 37.f4 Qe6
38.Qe5 Qxe5 39.fxe5 Kh7 40.Kf2 Kg6 41.Ke2 Kf5 42.Kd3 Be7 43.Kc4 Ke6 44.Be3 Bg5
45.Bc5 Kxe5 46.Bxb4 Kf4 47.Bd6+ Ke3 48.Bxa3 Kf2 49.Kd3 Kxg2 50.Ke2 f5 51.Bb2 f4
52.Bc3 f3+  0-1

[Event "Dos Hermanas"]
[Site "Dos Hermanas"]
[Date "1992.??.??"]
[Round "7"]
[White "Montecatine, Ricardo"]
[Black "Cramling, Pia"]
[Result "1/2-1/2"]
[WhiteElo "2345"]
[BlackElo "2530"]

1.e4 c5 2.Nf3 e6 3.d4 cxd4 4.Nxd4 a6 5.Bd3 Nc6 6.Nxc6 dxc6 7.O-O e5 8.Be3 Nf6
9.f3 Be6 10.a4 a5 11.Qe2 Nd7 12.Qf2 Be7 13.Nd2 Bg5 14.Bc4 Bxe3 15.Qxe3 Qe7
16.Bxe6 Qxe6 17.b3 Qd6 18.Nc4 Qc7 19.Rfd1 O-O 20.Rd3 b6 21.Rad1 Nc5 22.Nxb6 Qxb6
23.Rc3 Nxa4 24.bxa4 Qb4 25.Rxc6 Qxa4 26.Rc7 Qb4 27.Qb3 Rac8 28.Qxb4 axb4
29.Rdd7  1/2-1/2

[Event "Dos Hermanas"]
[Site "Dos Hermanas"]
[Date "1992.??.??"]
[Round "7"]
[White "Campora, Daniel H"]
[Black "Hodgson, Julian M"]
[Result "0-1"]
[WhiteElo "2550"]
[BlackElo "2545"]

1.e4 e6 2.d4 d5 3.e5 c5 4.c3 Qb6 5.Nf3 Bd7 6.Be2 cxd4 7.cxd4 Bb5 8.O-O Bxe2
9.Qxe2 Qa6 10.Qxa6 Nxa6 11.a3 Ne7 12.Nc3 Nc6 13.b4 Nc7 14.Bd2 a6 15.Rfc1 Be7
16.Kf1 O-O 17.Ke2 f6 18.Be3 Nb5 19.exf6 gxf6 20.Kf1 Kf7 21.Na4 a5 22.Nc5 axb4
23.axb4 Rxa1 24.Rxa1 Nd6 25.Nd3 Rc8 26.g4 b5 27.g5 Nc4 28.gxf6 Bxf6 29.Ra6 Kg6
30.Nde5+ Bxe5 31.dxe5 h6 32.Bc5 Kf7 33.Nd4 Nxd4 34.Bxd4 Nd2+ 35.Ke2 Nb3 36.Be3 d4
37.Bxh6 Rc2+ 38.Kf3 Rc4 39.h4 d3 40.h5 d2 41.Ra7+ Kg8 42.Ra8+ Kh7 43.Bxd2 Nxd2+
44.Ke3 Ne4 45.Re8 Ng5 46.f3 Rxb4 47.Rb8 Kg7 48.Kf2 Rf4 49.Rxb5 Rxf3+ 50.Ke2 Kh6
51.Rb6 Rf5  0-1

[Event "Dos Hermanas"]
[Site "Dos Hermanas"]
[Date "1992.??.??"]
[Round "7"]
[White "Rodriguez Talavera, Juan Carlos"]
[Black "Yudasin, Leonid"]
[Result "0-1"]
[WhiteElo "2375"]
[BlackElo "2580"]

1.e4 c5 2.c3 Nf6 3.e5 Nd5 4.d4 cxd4 5.Nf3 Nc6 6.Bc4 e6 7.cxd4 d6 8.O-O Nb6
9.Bb3 Be7 10.Nc3 O-O 11.a3 dxe5 12.dxe5 Na5 13.Bc2 Qxd1 14.Rxd1 Bd7 15.Be4 Bc6
16.b4 Bxe4 17.Nxe4 Nac4 18.Bg5 Bxg5 19.Nexg5 Rfd8 20.Rac1 Rac8 21.Ne4 Nxa3
22.Nc5 Nb5 23.Nxb7 Rxc1 24.Rxc1 Rd5 25.Na5 Nc3 26.Ra1 Rd7 27.g3 Nbd5 28.Nc6 Nb5
29.Ra5 Ndc3 30.Nb8 Rd1+ 31.Kg2 h6 32.Nc6 Rd7 33.h4 g6 34.Nb8 Rc7 35.Na6 Rc4
36.Nd2 Rd4 37.Nf3 Rd1 38.Nc5 Rb1 39.Nd3 Kf8 40.Ra6 Nd5 41.Ra5 Ndc7 42.Nfe1 Ke7
43.Kf3 Nd4+ 44.Kg2 Nc6 45.Ra2 Nb5 46.Nc2 Rb3 47.Nc5 Rc3 48.Ne4 Rc4 49.Nd6 Nxd6
50.exd6+ Kxd6 51.b5 Nb8 52.Ne3 Rc7 53.Rd2+ Ke7 54.Rb2 Nd7 55.Nc2 Kd6 56.Ne3 Nb6
57.Rd2+ Nd5 58.Ng4 Rc4 59.Nf6 Kc5 60.Nd7+ Kxb5  0-1

[Event "Dos Hermanas"]
[Site "Dos Hermanas"]
[Date "1992.??.??"]
[Round "8"]
[White "De la Villa Garcia, Jesus Maria"]
[Black "Rodriguez Talavera, Juan Carlos"]
[Result "1-0"]
[WhiteElo "2450"]
[BlackElo "2375"]

1.e4 e5 2.Nf3 Nc6 3.Bb5 a6 4.Ba4 Nf6 5.O-O Be7 6.Re1 b5 7.Bb3 d6 8.c3 O-O
9.h3 Bb7 10.d4 Re8 11.Ng5 Rf8 12.Nf3 Re8 13.Nbd2 Bf8 14.Bc2 h6 15.d5 Nb8
16.b3 c6 17.c4 Nbd7 18.a4 g6 19.Ba3 Rc8 20.Nf1 cxd5 21.cxd5 Nc5 22.N3d2 h5
23.axb5 axb5 24.b4 Ncd7 25.Nb3 Nb6 26.Na5 Ba6 27.Bc1 Qc7 28.Bd3 Ra8 29.Re2 Nc4
30.Rc2 Nd7 31.g4 h4 32.Bg5 Be7 33.Bxe7 Rxe7 34.Nxc4 bxc4 35.Bxc4 Bb7 36.Rxa8+ Bxa8
37.Bb5 Qb8 38.Bxd7 Rxd7 39.Qc1 Rd8 40.Qg5 Bb7 41.b5 Rd7 42.Qxh4 Rc7 43.Rxc7 Qxc7
44.Qg5 Qc5 45.Ng3 Kf8 46.h4  1-0